000 00546nam a2200229Ia 4500
003 OSt
005 20220928135719.0
006 a|||||r|||| 00| 0
007 ta
008 220927b |||||||| |||| 00| 0 eng d
024 _a4615
037 _cTextual
040 _aSDCL
_cSDCL
_beng
041 _2eng
_aeng
082 _aX:545-8.2'P, P3
100 _akhurana P K
245 0 _aExport management
250 _a4 revised
260 _c2003
942 _hX:545-8.2'P, P3
_cTEXL
_2CC
999 _c808255
_d808255